| 000 | 00524nam a2200181 i 4500 | ||
|---|---|---|---|
| 001 | 65586 | ||
| 003 | ES-MaACL | ||
| 007 | t| | ||
| 008 | 040116s1975 sp ||||1| spa d | ||
| 100 | 1 |
_aFrings, H. _952666 |
|
| 245 | 1 | 0 |
_aConceptos de zoología / _cH. Frings, M. Frings ; versión de M.G. de Viedma. |
| 250 | _a[1ª ed.]. | ||
| 260 |
_aMadrid : _bAlhambra, _c[1975] |
||
| 300 |
_a448 p. : _bil. ; _c24 cm. |
||
| 700 | 1 |
_aFrings, M. _952667 |
|
| 700 | 1 |
_aViedma, M. G. de. _9114561 |
|
| 852 |
_aES-MaACL _jE-7227 _bR.91187 |
||
| 999 |
_c65586 _d65586 |
||